00548nam a2200181Ii 45000010005000000030009000050080041000140400033000550410008000880820018000961000021001142450071001352640067002063000012002733360026002853370028003113380027003397504CO-ViMGA241108s9999||||xx |||||||||||||| ||und|| aCO-ViMGAbspaerdacCO-ViMGA0 aunk04a986.104-H673h1 aCornelio Hispano10aColombia en la guerra de independencia :bla cuentión venezolana 1a[Lugar de publicación no identificado] : Banco Popular, 1972 avolumen atextbtxt2rdacontent aunmediatedbn2rdamedia avolumebnc2rdacarrier